Statistics for Historical Timeline of Mexico

Click here to take the quiz!

General Stats

  • This quiz has been taken 165 times
  • The average score is 10 of 11

Answer Stats

YearHintAnswer% Correct
1835Centralist Republic of M_____Centralist Republic of Mexico
97%
1867M_____Mexico
97%
1846Second Federal Republic of M_____Second Federal Republic of Mexico
97%
1428A____ EmpireAztec Empire
96%
1821First M______ EmpireFirst Mexican Empire
94%
1824First M______ RepublicFirst Mexican Republic
94%
300 BCM____ CivilizationMayan Civilization
94%
1863Second M______ EmpireSecond Mexican Empire
94%
1521Viceroyalty of New S____Viceroyalty of New Spain
93%
1400 BCOlm__ CivilizationOlmec Civilization
83%
1325Tenoch______Tenochtitlan
72%

Score Distribution

Percentile by Number Answered

Percent of People with Each Score

Your Score History

You have not taken this quiz